00584nam a2200157 a 4500001001000000003000900010005001700019007000300036008004100039040002500080082001300105110004400118245018700162260004600349300003100395000029954DO-SdBNP20220926082823.0ta110427s1956 dr c 000 0 spa d aDO-SdBNPbspacBNPHU axxxbxxx aPoder Judicial (República Dominicana)10aHomenaje del Poder Judicial de la República al padre de la patria nueva generalísimo doctor Rafael Leónidas Trujillo Molina en ocasión del año del benefactor de la patria./ aCiudad Trujillo :bPoder Judicial,c1956. a[12 p.] :bretr. ;c22 cm.